banner-ar

مظهر التقديس بذهاب دولة الفرنسيس / (Record no. 46062)

MARC details
000 -الفاتح
حقل البيانات ثابتة الطول 00645nam a2200181Ia 4500
008 - عناصر البيانات ثابتة الطول - معلومات عامة
حقل البيانات ثابتة الطول 140319s9999 xx 000 0 ara d
040 ## - مصدر الفهرسة
وكالة الفهرسة الأصلية GCL /
وكالة النسخ GCL
082 04 - رقم تصنيف ديوى العشرى
رقم التصنيف ق
رقم المادة 962.02
-- ع م
100 1# - المدخل الرئيسى - إسم شخصى
الإسم الشخصى الجبرتى : عبدالرحمن بن حسن، 1167-1237 هـ
245 10 - بيان العنوان
العنوان مظهر التقديس بذهاب دولة الفرنسيس /
بيان المسئوليه,etc الجبرتى : عبدالرحمن بن حسن، 1167-1237 هـ
700 1# - المدخل الاضافى - اسم شخصى
الإسم الشخصى عمر الدسوقى
700 1# - المدخل الاضافى - اسم شخصى
الإسم الشخصى حسن محمد جوهر(تحقيق)
300 ## - الوصف المادى
التعداد 406 ص
490 ## - بيان السلسلة
عنوان السلسلة
650 04 - المدخل الاضافى بالموضوع-مصطلح موضوعى
مصطلح موضوعي مصر - تاريخ - العصر الحديث (1805 - 1956 )
942 ## - عناصر المدخل الإضافي( كوها)
مصدر التصنيف او مخطط الترفيف Dewey Decimal Classification
Koha [default] item type كتاب
Holdings
حالة التراجع حالة الفقد حالة تلف ليس للاعارة المكان المؤقت الموقع الحالى تاريخ الاكتساب اجمالي اﻻعارات رقم الطلب الباركود تاريخ اخر مشاهدة تاريخ تفعيل السعر نوع وعاء كوها
        مكتبة القاهرة الكبرى مكتبة القاهرة الكبرى 03/26/2014   ق\962.02\ع م 112218 03/26/2014 03/26/2014 كتاب

Powered By

EGPV